Quantitative Aptitude for CAT: (Record no. 175550)

MARC details
000 -LEADER
fixed length control field 00843nam a22002177a 4500
005 - DATE AND TIME OF LATEST TRANSACTION
control field 20200908162904.0
010 ## - LCCN (DPL NO)
LC control number ENG-128396
020 ## - INTERNATIONAL STANDARD BOOK NUMBER
Terms of availability 799.00
International Standard Book Number 9789353945305
035 ## - SYSTEM CONTROL NUMBER
System control number EN-111928
037 ## - SOURCE OF ACQUISITION
Source of stock number/acquisition DBAD/PUB
082 ## - DEWEY DECIMAL CLASSIFICATION NUMBER
Classification number 000
100 ## - MAIN ENTRY--PERSONAL NAME
Personal name Sinha, Nishit K.
245 ## - TITLE STATEMENT
Title Quantitative Aptitude for CAT:
Statement of responsibility, etc by Nishit K. Sinha; edited by Sharel Simon and Vipin Kumar
Remainder of title Also useful for other MBA entrance examinations like SNAP, XAT and IIFT/
250 ## - EDITION STATEMENT
Edition statement 5th edition
260 ## - PUBLICATION, DISTRIBUTION, ETC. (IMPRINT)
Place of publication, distribution, etc Noida
Name of publisher, distributor, etc Pearson
Date of publication, distribution, etc 2020
270 ## - ADDRESS
Address 15th floor,Tower-B,Word Trade Tower,Plot no.1,Block-C sec 16,
City Noida
Postal code 201301
Telephone number 04466540100
Electronic mail address companysecretary.india@pearson.com
300 ## - PHYSICAL DESCRIPTION
Extent xxi;Various pages.
Dimensions 25cm(pbk)
Other physical details Geometrical diagrams
500 ## - GENERAL NOTE
General note CAT
700 ## - ADDED ENTRY--PERSONAL NAME
Personal name Senior Editor- Sharel Simon, Vipin Kumar
942 ## - ADDED ENTRY ELEMENTS (KOHA)
Source of classification or shelving scheme Dewey Decimal Classification
Item type English Books
Classification part 000
Call number suffix SIN
Holdings
Withdrawn status Lost status Not for loan Collection code Home library Current library Date acquired Source of acquisition Cost, normal purchase price Full call number Barcode Cost, replacement price Koha item type
      Non-fiction Andrews Gunj Andrews Gunj 08/09/2020 DBAD 799.00 000 SIN EN-111928 799.00 English Books

© Delhi Public Library
Hit Counter
free hit counter